| 000 | 01298cab a22002055a 4500 | ||
|---|---|---|---|
| 001 | L147761 | ||
| 008 | 090615s2009 xxk f 000 0 eng d | ||
| 035 | _a(Sirsi) u147761 | ||
| 041 | 0 | _aeng | |
| 100 | 1 | _aField, Martin | |
| 245 | 0 | 0 | _aTowards an inclusive and sustainable housing market. |
| 260 | _2009 | ||
| 490 |
_aTown & Country Planning _v78(5) May 2009, 221-225(5) |
||
| 520 | _aA challenge to the current calls to promote institutional investment to build more homes for private rent. The author questions some recent reports by the Smith Institute and British Property Foundation, the Government's response to the Rugg Review (see L145590) into the professionalism of the private sector and also the Housing and Community Agency inviting expressions of interest for the submission of new financial models to support the private rental sector. This article argues against this response, regarding the increase in private rental sector as likely to exacerbate local division and alienation and could work against local strategies to develop affordable ownership as core elements of inclusive and sustainable communities. | ||
| 590 | _aKA | ||
| 650 | 2 | 4 | _aRUGG REVIEW |
| 651 | 4 |
_aUnited Kingdom _y |
|
| 690 | _aPROPERTY-RESIDENTIAL PROPERTY-RESIDENTIAL PROPERTY MARKET | ||
| 942 | _n0 | ||
| 999 |
_c81633 _d81633 |
||